Two-Word Title Throwdown Quiz Stats

 Plays Quiz Updated Aug 3, 2012

Challenge
Share
Tweet
Embed
Score 0/64 Timer 10:00
2 Plays Today
% Correct
Impossible
98.4%
Liar
97%
Gun
96.4%
List
95.6%
Scissorhands
95.3%
Almighty
95.1%
Basterds
94.2%
Woman
94%
Business
93.7%
Doubtfire
92.8%
Club
92.7%
Hollow
91.8%
Bride
90.7%
Congeniality
89.2%
Report
89%
Hill
88.8%
Management
88.4%
This/That
87.3%
Attraction
86.8%
Instinct
84.9%
Days
84.4%
Thirteen
83.3%
Torino
82.3%
Island
82.1%
Harry
81.9%
Adams
81%
Street
77%
Fear
75.6%
Magnolias
69.6%
Pizza
67.5%
Night
66.9%
Road
66.1%
% Correct
Monkeys
64.4%
Forever
63.5%
Floats
61.9%
Magic
61.2%
Impact
59.7%
Neverland
58%
Wood
56.2%
Schmidt
52.1%
Brasco
50.9%
Cowboy
49.8%
Shadows
49.5%
Away
48.6%
Brown
47.8%
Rider
46.6%
Tess
45.5%
Tracy
42.6%
Honor
42.6%
Game
41.4%
Ridge
41.1%
Run
40.2%
Beast
31.9%
Boys
31.5%
Minutes
28.8%
Feet
28.7%
Jury
27.5%
Birch
21.9%
Dogs
20.9%
People
16.5%
Fockers
16.2%
There
15.7%
Children
12.9%
City
11.6%

You're not logged in!

Compare scores with friends on all Sporcle quizzes.
Join for Free
OR
Log In

You Might Also Like...

Show Comments

Extras

Top Quizzes Today


Score Distribution

Your Account Isn't Verified!

In order to create a playlist on Sporcle, you need to verify the email address you used during registration. Go to your Sporcle Settings to finish the process.

Report this User

Report this user for behavior that violates our Community Guidelines.

Details: